| 000 | 01286nam a2200157Ia 4500 | ||
|---|---|---|---|
| 008 | 220216s9999 xx 000 0 und d | ||
| 100 | _aSinha Rohit | ||
| 245 | 0 | _aAgiculture negotiations in WTO: Critical issues and Concerns | |
| 260 |
_bFocus WTO _c2013 |
||
| 300 | _a8-Jan | ||
| 520 | _aThe Doha Developement Round is currently engaged ina series of negotiations to rationalize the agricultural farm sector by undertaking substantial tariff reduction programme. There has been some movement towards rationalization. However, developing countries argue that in the event of whole hearted liberalization, most of the developing countries are going to experience significant losses in the world trade as they are not able compete in world economy due to domestic subsidy and export competition measures provided by developed countries. The paper makes an attempt to suggest how measures like SSM ans SP can be effective for developing countries in the wake of agicultural trade liberalization. It analyzes and informs that developing countries as an effective group have the ability and capacity to argue out their case in the coming Ministerial conference which can deliver some concrete results. | ||
| 650 | _aSSM | ||
| 650 | _aWTO | ||
| 700 | _aNataraj Geethanjali | ||
| 942 | _cJS | ||
| 999 |
_c53945 _d53945 |
||